000 00359nam a2200121Ia 4500
999 _c14321
_d14321
008 260210s9999 xx 000 0 und d
020 _a9781118014752
082 _a696
100 _aNorbert M. Lechner
245 0 _aPlumbing, Electricity, Acoustics: Sustainable Design Methods for Architecture
260 _bJohn Wiley & Sons (Wiley)
_c2011
942 _cUG
_2ddc